| 000 | 00643nam a22002057a 4500 | ||
|---|---|---|---|
| 999 |
_c490350 _d490350 |
||
| 003 | NUST | ||
| 020 | _a9781438073255 | ||
| 040 | _cDLC | ||
| 082 |
_a378.1662 _bGRE |
||
| 100 |
_aWeiner, Sharon Green _922977 |
||
| 245 | _aBarron's GRE: The leader in Test Preparation | ||
| 250 | _a20th | ||
| 260 |
_aRawalpindi _bJahangir Books _c2013 |
||
| 300 | _aviii, 599 p. | ||
| 490 | _aBarron's Educational Series, Inc. | ||
| 500 | _aIncludes index | ||
| 650 |
_a Graduate Record Examination --Study guides. | Universities and colleges --United States --Graduate work --Examinations. _922978 |
||
| 700 |
_aWolf, Ira K. _922979 |
||
| 942 |
_cBK _2ddc |
||